Évaluation des besoins des enfants et qualité de vie : Regards croisés France - Canada (notice n° 1607658)
[ vue normale ]
| 000 -LEADER | |
|---|---|
| fixed length control field | 01045cam a2200145 4500500 |
| 005 - DATE AND TIME OF LATEST TRANSACTION | |
| control field | 20251228141743.0 |
| 041 ## - LANGUAGE CODE | |
| Language code of text/sound track or separate title | fre |
| 042 ## - AUTHENTICATION CODE | |
| Authentication code | dc |
| 100 10 - MAIN ENTRY--PERSONAL NAME | |
| Personal name | Sellenet, Catherine |
| Relator term | author |
| 245 00 - TITLE STATEMENT | |
| Title | Évaluation des besoins des enfants et qualité de vie : Regards croisés France - Canada |
| 260 ## - PUBLICATION, DISTRIBUTION, ETC. | |
| Name of publisher, distributor, etc. | L'Harmattan,<br/> |
| Date of publication, distribution, etc. | 2014.<br/> |
| 520 ## - SUMMARY, ETC. | |
| Summary, etc. | D'un continent à l'autre, des chercheurs et praticiens se répondent pour travailler ensemble à l'amélioration des conditions de vie des enfants. Ici l'accent a été mis sur les études les plus récentes : celles qui concernent la place du père et son influence dans le bien-être des enfants, celles qui pénètrent au coeur de l'école en interrogeant la satisfaction des enfants, leur préparation scolaire à la maternelle, les troubles du comportement, sans oublier le champ de la protection de l'enfance. |
| 700 10 - ADDED ENTRY--PERSONAL NAME | |
| Personal name | Guimard, Philippe |
| Relator term | author |
| 856 41 - ELECTRONIC LOCATION AND ACCESS | |
| Uniform Resource Identifier | <a href="https://shs.cairn.info/Evaluation-des-besoins-des-enfants-et-qualite-de-vie--9782343046846?lang=fr&redirect-ssocas=7080">https://shs.cairn.info/Evaluation-des-besoins-des-enfants-et-qualite-de-vie--9782343046846?lang=fr&redirect-ssocas=7080</a> |
Pas d'exemplaire disponible.




Réseaux sociaux